00585nam a22001697a 450000500170000001000130001702000260003003500110005603700130006708200110008010000360009124500690012724600520019626000520024827000920030030000230039220201208154439.0 aUR-10956 c250.00a9789390100378 aU-9511 bDBAD/PUB a840.08 aسا جد جلا ل پو ر ی  aر نگ ر نگ کے شا عر cسا جد جلا ل پو ر ی  bRang Rang Ke Shair (Urdu)aby Sajid Jalal Puri  aN.Delhi bEducational Publishing Housec2020 ء aH.O.D1/16,Ansari Road,Darya ganj,bN.Delhie110002k45678285,23216162l0091-11-23211540 a224 ص c22 Cm(Hb)